Responses for Show #7029 - Thursday, March 19, 2015

Contestants

[<< previous game]

Brandon Bidlack, a marketing director from Emeryville, California

Gina Shaddox, an accounting service representative from Corvallis, Oregon

Andrea Keleher, a medical records coder from Denver, Colorado (whose 1-day cash winnings total $18,605)

[next game >>]

Jeopardy! Round responses

HOLLYWOOD IS DESTRUCTIVE
INLETS
LAWN CARE
ANIMAL TITLES
TECH GOOFS
"G"-OLOGY
    $200 3
a volcano

Andrea
    $200 8
"dressing"

Gina
    $200 17
Fish

Brandon
    $200 13
[Alex reads "Bday" as "Birthday".]

Facebook

Brandon
    $200 1
(Andrea: What is a gala?)
(Brandon: What are the Golden Globes?)

the Grammys

AndreaGinaBrandon
    $400 4
Independence Day

Gina
    $400 9
pH

Brandon
    $400 21
(Brandon: What is a dolphin?)
...
(Alex: [*], yes. Had to be plural. Back to you, Andrea.)

Dolphins

AndreaBrandon
    $400 14
reply all

Brandon
    $400 2
goad

Triple Stumper
    $600 5
(Alex: And the way you're smiling on that one, you saw it!)
(Gina: Couple of times.)
(Alex: Oh, hello! All right, go again.)

Sharknado

Gina
    $600 18
Greenland

Andrea
    $600 24
(Alex: [*] is right with a minute to go.)

a weed

Brandon
    $600 16
Rats

Gina
    $600 15
a teleprompter

Andrea
    $600 10
Gendarme

Brandon
    $800 6
Children of Men

Andrea
    $1,200 22
Lake Ontario

Andrea
    $800 27
potassium

Andrea
    $800 19
Sheep

Andrea
    $800 25
a domain name

Brandon
    $800 11
(Gina: What is to glean?)

to garble

Gina
Triple Stumper
    $1000 7
Night of the Living Dead

Gina
    $1000 23
the Vietnam War

Andrea
    $1000 28
[The end-of-round signal sounds.]

loam

Gina
    $1000 20
Dog

Andrea
    $1000 26
ballistic missles

Andrea
    $1000 12
gametes

Brandon

Scores at the first commercial break (after clue 15):

Andrea Gina Brandon
$1,400 $1,600 $2,400

Scores at the end of the Jeopardy! Round:

Andrea Gina Brandon
$8,200 $3,200 $3,600

Double Jeopardy! Round responses

WORLD PEAS
THE 16th CENTURY
& NOW THIS UPDATE
IT'S HYPHENATED
THE GROUP OF DEATH
GEOLOGY
    $400 1
chickpeas

Gina
    $400 26
the Incas

Andrea
    $400 9
India

Gina
    $400 3
a six-pack

Gina
    $400 17
(Brandon: Who is Van Halen?)

Pearl Jam

GinaBrandon
    $400 4
an aftershock

Brandon
    $800 2
(Gregor) Mendel

Brandon
    $800 29
a reformation

Gina
    $800 12
La Boheme

Brandon
    $800 5
(Brandon: What is stop-motion?)

time-lapse

Brandon
Triple Stumper
    $800 18
Blondie

Andrea
    $800 10
cleavage

Brandon
    $1200 14
wasabi

Brandon
    $1200 28
the Spanish Armada

Gina
    $1200 13
Lost in Space

Gina
    $1200 6
Wham-O

Brandon
    $1200 19
Metallica

Gina
    $1200 11
the Shield

Triple Stumper
    $1600 23
sweet pea

Brandon
    $1600 27
America

Brandon
    $1600 15
(George Bernard) Shaw

Brandon
    $3,000 7
(Brandon: I don't know.)

"Self-Reliance"

Brandon
    $1600 20
(Alex: Sorry Brandon. "What is [*]?" Pick again, Gina.)

Death Cab for Cutie

Triple Stumper
    $1600 22
a kettle

Brandon
    $2000 24
(Brandon: What is a clover?)

a shamrock

GinaBrandon
    $2,000 30
(Gina: [no response])

Christopher Marlowe

Gina
    $2000 16
Damn Yankees

Brandon
    $2000 8
kilowatt-hour

Brandon
    $2000 21
Oingo Boingo

Andrea
    $2000 25
(Gina: What is a continental [*]?)
(Alex: [*]. That is it, and with that, we have less than a minute to go to deal with this last category.)

a shelf

Gina

Scores at the end of the Double Jeopardy! Round:

Andrea Gina Brandon
$11,400 $11,200 $13,000

[wagering suggestions for these scores]

Final Jeopardy! Round responses

LITERARY ANAGRAMS
(Alex: Ah, was this a killer or what?)
...
(Alex: Vivian Darkbloom was a writer mentioned in Lolita by [*].)
GinaWho is
$200
AndreaWHO IS __?
$10,000
BrandonWho (illegible)
$9,801
Vladimir Nabokov

Final scores:

Andrea Gina Brandon
$1,400 $11,000 $3,199
3rd place: $1,000 New champion: $11,000 2nd place: $2,000

Game dynamics:

Coryat scores:

Andrea Gina Brandon
$11,000 $13,200 $16,000
14 R
(including 1 DD),
1 W
17 R,
2 W
(including 1 DD)
20 R,
6 W
(including 1 DD)

Combined Coryat: $40,200

[game clues] [game scores] [suggest correction]

Game tape date: 2015-01-12
The J! Archive is created by fans, for fans. Scraping, republication, monetization, and malicious use prohibited; this site may use cookies and collect identifying information. See terms. The Jeopardy! game show and all elements thereof, including but not limited to copyright and trademark thereto, are the property of Jeopardy Productions, Inc. and are protected under law. This website is not affiliated with, sponsored by, or operated by Jeopardy Productions, Inc. Join the discussion at JBoard.tv.